Dromaeosauridae - Statistics

General Stats
  • This quiz has been taken 25 times
  • The average score is 12 of 48
Answer Stats
Answer % Correct
Utahraptor
100%
Velociraptor
100%
Deinonychus
83%
Austroraptor
78%
Dromaeosaurus
78%
Atrociraptor
67%
Microraptor
67%
Achillobator
56%
Pyroraptor
50%
Adasaurus
44%
Bambiraptor
44%
Saurornitholestes
44%
Acheroraptor
33%
Buitreraptor
33%
Halszkaraptor
33%
Sinornithosaurus
33%
Variraptor
33%
Shri
22%
Linheraptor
17%
Tsaagan
17%
Unenlagia
17%
Vectiraptor
17%
Wulong
17%
Daurlong
11%
Dineobellator
11%
Dromaeosauroides
11%
Graciliraptor
11%
Hesperonychus
11%
Kuru
11%
Mahakala
11%
Pamparaptor
11%
Rahonavis
11%
Tianyuraptor
11%
Hulsanpes
6%
Kansaignathus
6%
Natovenator
6%
Shanag
6%
Yurgovuchia
6%
Zhenyuanlong
6%
Dakoraptor
0%
Itemirus
0%
Luanchuanraptor
0%
Neuquenraptor
0%
Nuthetes
0%
Ornithodesmus
0%
Unquillosaurus
0%
Ypupiara
0%
Zhonjilanosaurus
0%
No matching quizzes found
Score Distribution
Percent of People with Each Score
Percentile by Number Answered
Your Score History
You have not taken this quiz